000 003120000a22000970004500
100 1 _aCampbell, Douglas A.
245 1 0 _aThe diatheke from Durham : Professor Dunn's the theology of Paul the apostle
300 _aNúm 72 (1998), Páginas 91-111
773 0 _tJournal for the Study of the New Testament
942 _cANA
999 _c56016
_d56016